<?xml version="1.0" encoding="UTF-8"?>
<record
    xmlns:xsi="http://www.w3.org/2001/XMLSchema-instance"
    xsi:schemaLocation="http://www.loc.gov/MARC21/slim http://www.loc.gov/standards/marcxml/schema/MARC21slim.xsd"
    xmlns="http://www.loc.gov/MARC21/slim">

  <leader>00847nam a22001217a 4500</leader>
  <datafield tag="040" ind1=" " ind2=" ">
    <subfield code="c">RUA</subfield>
  </datafield>
  <datafield tag="100" ind1=" " ind2=" ">
    <subfield code="a">KIMSIPHAN VANNITHAI &#x1782;&#x17B9;&#x1798;&#x179F;&#x17CA;&#x17B8;&#x1795;&#x17B6;&#x1793;&#x200B; &#x179C;&#x17C9;&#x17B6;&#x1793;&#x17CB;&#x1793;&#x17B8;&#x1790;&#x17C3;</subfield>
  </datafield>
  <datafield tag="245" ind1=" " ind2=" ">
    <subfield code="a">STUDY ON LAND USE AND LAND COVER CHANGE IN PHNOM KHNONG PHSAR ECOTOURISM AREA IN TASAL COMMUNE, AORAL DISTRICT, KAMPONG SPEU PROVINCE &#x179F;&#x17B7;&#x1780;&#x17D2;&#x179F;&#x17B6;&#x1796;&#x17B8;&#x1794;&#x1798;&#x17D2;&#x179A;&#x17C2;&#x1794;&#x1798;&#x17D2;&#x179A;&#x17BD;&#x179B;&#x1780;&#x17B6;&#x179A;&#x1794;&#x17D2;&#x179A;&#x17BE;&#x1794;&#x17D2;&#x179A;&#x17B6;&#x179F;&#x17CB;&#x178A;&#x17B8; &#x1793;&#x17B7;&#x1784;&#x1782;&#x1798;&#x17D2;&#x179A;&#x1794;&#x178A;&#x17B8;&#x1793;&#x17C5;&#x178F;&#x17C6;&#x1794;&#x1793;&#x17CB;&#x17A2;&#x17C1;&#x1780;&#x17BC;&#x1791;&#x17C1;&#x179F;&#x1785;&#x179A;&#x178E;&#x17CD;&#x1797;&#x17D2;&#x1793;&#x17C6;&#x1781;&#x17D2;&#x1793;&#x1784;&#x1795;&#x17D2;&#x179F;&#x17B6;&#x179A; &#x1783;&#x17BB;&#x17C6;&#x178F;&#x17B6;&#x179F;&#x17B6;&#x179B;&#x200B; &#x179F;&#x17D2;&#x179A;&#x17BB;&#x1780;&#x17AA;&#x179A;&#x17C9;&#x17B6;&#x179B;&#x17CB; &#x1781;&#x17C1;&#x178F;&#x17D2;&#x178F;&#x1780;&#x17C6;&#x1796;&#x1784;&#x17CB;&#x179F;&#x17D2;&#x1796;&#x17BA;</subfield>
  </datafield>
  <datafield tag="260" ind1=" " ind2=" ">
    <subfield code="a">PHNOM PENH</subfield>
    <subfield code="b">RUA</subfield>
    <subfield code="c">2023</subfield>
  </datafield>
  <datafield tag="300" ind1=" " ind2=" ">
    <subfield code="a">XII. 70P</subfield>
    <subfield code="b">VIII.</subfield>
    <subfield code="c">29CM</subfield>
  </datafield>
  <datafield tag="856" ind1=" " ind2=" ">
    <subfield code="u">https://drive.google.com/file/d/16qmeck7alAdjgWwpdr7j6woOrFmmfOG5/view?usp=sharing</subfield>
  </datafield>
  <datafield tag="942" ind1=" " ind2=" ">
    <subfield code="c">LMA</subfield>
  </datafield>
  <datafield tag="999" ind1=" " ind2=" ">
    <subfield code="c">23188</subfield>
    <subfield code="d">23188</subfield>
  </datafield>
  <datafield tag="952" ind1=" " ind2=" ">
    <subfield code="0">0</subfield>
    <subfield code="1">0</subfield>
    <subfield code="2">ddc</subfield>
    <subfield code="4">0</subfield>
    <subfield code="6">LMA_KIM_2023_000000000000000_B1498_OR</subfield>
    <subfield code="7">0</subfield>
    <subfield code="9">99463</subfield>
    <subfield code="a">LBB</subfield>
    <subfield code="b">LBB</subfield>
    <subfield code="c">B1.498</subfield>
    <subfield code="d">2024-06-21</subfield>
    <subfield code="o">LMA KIM 2023 B1-498 Or.</subfield>
    <subfield code="p">a076333</subfield>
    <subfield code="r">2024-06-21</subfield>
    <subfield code="w">2024-06-21</subfield>
    <subfield code="y">LMA</subfield>
  </datafield>
  <datafield tag="952" ind1=" " ind2=" ">
    <subfield code="0">0</subfield>
    <subfield code="1">0</subfield>
    <subfield code="2">ddc</subfield>
    <subfield code="4">0</subfield>
    <subfield code="6">LMA_KIM_2023_000000000000000_B1498_OR</subfield>
    <subfield code="7">0</subfield>
    <subfield code="9">99464</subfield>
    <subfield code="a">LBB</subfield>
    <subfield code="b">LBB</subfield>
    <subfield code="c">B1.498</subfield>
    <subfield code="d">2024-06-21</subfield>
    <subfield code="o">LMA KIM 2023 B1-498 Or.</subfield>
    <subfield code="p">a077067</subfield>
    <subfield code="r">2024-06-21</subfield>
    <subfield code="w">2024-06-21</subfield>
    <subfield code="y">LMA</subfield>
  </datafield>
  <datafield tag="952" ind1=" " ind2=" ">
    <subfield code="0">0</subfield>
    <subfield code="1">0</subfield>
    <subfield code="2">ddc</subfield>
    <subfield code="4">0</subfield>
    <subfield code="6">LMA_KIM_2023_000000000000000_B1498_OR</subfield>
    <subfield code="7">0</subfield>
    <subfield code="9">99465</subfield>
    <subfield code="a">LBB</subfield>
    <subfield code="b">LBB</subfield>
    <subfield code="c">B1.498</subfield>
    <subfield code="d">2024-06-21</subfield>
    <subfield code="l">1</subfield>
    <subfield code="o">LMA KIM 2023 B1-498 Or.</subfield>
    <subfield code="p">a076586</subfield>
    <subfield code="r">2025-09-08</subfield>
    <subfield code="s">2025-08-25</subfield>
    <subfield code="w">2024-06-21</subfield>
    <subfield code="y">LMA</subfield>
  </datafield>
  <datafield tag="952" ind1=" " ind2=" ">
    <subfield code="0">0</subfield>
    <subfield code="1">0</subfield>
    <subfield code="2">ddc</subfield>
    <subfield code="4">0</subfield>
    <subfield code="6">LMA_KIM_2023_000000000000000_B1498_OR</subfield>
    <subfield code="7">0</subfield>
    <subfield code="9">99466</subfield>
    <subfield code="a">LBB</subfield>
    <subfield code="b">LBB</subfield>
    <subfield code="c">B1.498</subfield>
    <subfield code="d">2024-06-21</subfield>
    <subfield code="o">LMA KIM 2023 B1-498 Or.</subfield>
    <subfield code="p">a076622</subfield>
    <subfield code="r">2024-06-21</subfield>
    <subfield code="w">2024-06-21</subfield>
    <subfield code="y">LMA</subfield>
  </datafield>
</record>
